000 00478nam a2200181Ia 4500
003 GCL
008 140319s9999 xx 000 0 eng d
040 _aGCL /
_cGCL
082 0 4 _a709
_bN D
100 1 _aNERAUDAU,J.P
245 1 0 _aDICTIONNARE D, HISTOIRE DE L, ART /
_cNERAUDAU,J.P
260 _a[S.N] :
_bPRESSES UNIVERSITAIRES DE FRANCE ،
_c1996
300 _a508 P
650 0 4 _aARTS
650 0 4 _aHISTORY OF ART
650 0 4 _aHISTORY OF DICTIONARY
942 _2ddc
_cBK
999 _c15650
_d15650